书目信息 |
| 题名: |
声音和听觉
|
|
| 作者: | Б·Н·苏斯洛夫 著 ;高文兆 译 | |
| 分册: | ||
| 出版信息: | 上海 商务印书馆 1953 |
|
| 页数: | 42页 | |
| 开本: | 20cm | |
| 丛书名: | ||
| 单 册: | ||
| 中图分类: | O42-49 | |
| 科图分类: | ||
| 主题词: | 声学 | |
| 电子资源: | ||
| ISBN: | ||
| 000 | 00731nam0 2200253 450 | |
| 001 | 0637852828 | |
| 005 | 20060819103701.79 | |
| 010 | @dCNY0.22 | |
| 091 | @a54023 | |
| 100 | @a20060819d1953 km y0chiy0120 ea | |
| 101 | 0 | @achi@crus |
| 102 | @aCN@b310000 | |
| 102 | @aCN@b110000 | |
| 200 | 1 | @a声音和听觉@Asheng yin he ting jue@f(苏)Б·Н·苏斯洛夫著@F(su)Б·Н·su si luo fu zhu@g高文兆译@Ggao wen zhao yi |
| 205 | @a再版 | |
| 210 | @a上海@c商务印书馆@d1953 | |
| 215 | @a42页@c插图@d20cm | |
| 300 | @a苏联大众科学丛书 | |
| 606 | 0 | @a声学 |
| 690 | @aO42-49@v3 | |
| 701 | 0 | @aБ·Н·苏斯洛夫@AБ·Н·su si luo fu@4著 |
| 702 | 0 | @a高文兆@Agao wen zhao@4译 |
| 801 | 0 | @aCN@bPFT@c20060819 |
| 905 | @a10447@dO42-49@e22=2 | |
| 声音和听觉/(苏)Б·Н·苏斯洛夫著/高文兆译.-再版.-上海:商务印书馆,1953 |
| 42页:插图;20cm |
| 苏联大众科学丛书 |
| ISBN :CNY0.22 |
| ● |
| 相关链接 |
|
|
|
|
正题名:声音和听觉
索取号:O42-49/22=2
 
预约/预借
| 序号 | 登录号 | 条形码 | 馆藏地/架位号 | 状态 | 备注 |
| 1 | 0468844 | 204688445 | 密集书库/ [索取号:O42-49/22=2] | 在馆 |